000
00293nam a2200121Ia 4500
008
190216s9999||||xx |||||||||||||| ||und||
100
_a
Narayanan C
245
0
_a
Indian Sambathika Charithram
260
_b
Kerala Bhasha Institute
_c
1974
300
_a
620p
650
_a
Economics
942
_c
BK
999
_c
39027
_d
39027